Macroeconomic view of progressive taxation bakalárska práca
Saved in:
| Main Author: | |
|---|---|
| Corporate Author: | |
| Other Authors: | |
| Format: | Book |
| Language: | English |
| Published: |
Bratislava
2015
|
| Tags: |
No Tags, Be the first to tag this record!
|
MARC
| LEADER | 00000nbm a2200000 4500 | ||
|---|---|---|---|
| 001 | 0204917 | ||
| 005 | 20161212094811.9 | ||
| 041 | 0 | |a eng | |
| 044 | |a SK | ||
| 245 | 1 | 0 | |a Macroeconomic view of progressive taxation |b bakalárska práca |c Michal Fico ; školiteľ: Ján Remeta |
| 264 | 1 | |a Bratislava |c 2015 | |
| 300 | |a 55 s. | ||
| 100 | 1 | |a Fico, Michal | |
| 700 | 1 | |a Remeta, Ján | |
| 710 | 2 | |a Národohospodárska fakulta EU. Katedra financií | |